LIBRARY & INFORMATION CENTRE, KCAET, TAVANUR

ONLINE PUBLIC ACCESS CATALOGUE (OPAC)

Programming with FORTRAN / (Record no. 2970)

MARC details
000 -LEADER
fixed length control field 00527cam a2200205ua 4500
020 ## - INTERNATIONAL STANDARD BOOK NUMBER
ISBN 0 07 4624 86 5
041 ## - LANGUAGE CODE
Language code of text/sound track or separate title ben
082 ## - DEWEY DECIMAL CLASSIFICATION NUMBER
Classification number 005.133
Item number VEN/PR
100 ## - MAIN ENTRY--AUTHOR NAME
Personal name Venugopal, K.R. .
245 ## - TITLE STATEMENT
Title Programming with FORTRAN /
250 ## - EDITION STATEMENT
Edition statement 1 /
260 ## - PUBLICATION, DISTRIBUTION, ETC. (IMPRINT)
Place of publication New Delhi :
Name of publisher Tata Mc-Graw Hill Publishing Company ,
Year of publication 1994.
300 ## - PHYSICAL DESCRIPTION
Number of Pages 693 ; .
500 ## - GENERAL NOTE
General note *CSS
942 ## - ADDED ENTRY ELEMENTS (KOHA)
Koha item type Books
Holdings
Withdrawn status Lost status Damaged status Home library Current library Shelving location Date acquired Full call number Accession Number Koha item type
      KAUAET KAUAET Scheme 23/07/2018 005.133 VEN/PR 18970 Book Bank scheme for SC students
      KAUAET KAUAET Scheme 23/07/2018 005.133 VEN/PR 18971 Book Bank scheme for SC students
free website counter